Los Angeles transformed : Fletcher Bowron's urban reform revival, 1938-1953 /

Bibliographic Details
Main Author: Sitton, Tom, 1949-
Format: Book
Language:English
Published: Albuquerque : University of New Mexico Press, 2005.
Subjects:
Online Access:Table of contents

MARC

Tag First Indicator Second Indicator Subfields
LEADER 00000cam a2200000 a 4500
001 in00002050121
005 20151101063939.0
008 041105s2005 nmua b s001 0beng
010 |a  2004026472 
020 |a 0826335276 (alk. paper) 
035 |a (OCoLC)ocm57004063 
040 |a DLC  |c DLC  |d UtOrBLW 
043 |a n-us-ca 
049 |a TXAM 
050 0 0 |a F869.L853  |b B68 2005 
082 0 0 |a 979.4/94053/092  |a B  |2 22 
100 1 |a Sitton, Tom,  |d 1949- 
245 1 0 |a Los Angeles transformed :  |b Fletcher Bowron's urban reform revival, 1938-1953 /  |c Tom Sitton. 
264 1 |a Albuquerque :  |b University of New Mexico Press,  |c 2005. 
300 |a xvi, 256 pages :  |b illustrations ;  |c 24 cm. 
336 |a text  |b txt  |2 rdacontent 
337 |a unmediated  |b n  |2 rdamedia 
338 |a volume  |b nc  |2 rdacarrier 
504 |a Includes bibliographical references (pages 205-246) and index. 
600 1 0 |a Bowron, Fletcher,  |d 1887-1968. 
650 0 |a Mayors  |z California  |z Los Angeles  |v Biography. 
651 0 |a Los Angeles (Calif.)  |x Politics and government  |y 20th century. 
651 0 |a Los Angeles (Calif.)  |x Social conditions  |y 20th century. 
650 0 |a City planning  |z California  |z Los Angeles  |x History  |y 20th century. 
650 0 |a Urban renewal  |z California  |z Los Angeles  |x History  |y 20th century. 
650 0 |a Urban policy  |z California  |z Los Angeles  |x History  |y 20th century. 
856 4 1 |3 Table of contents  |u http://www.loc.gov/catdir/toc/ecip053/2004026472.html  |t 0 
945 |i PromptCat 
947 |a A14831563850 
948 |a cataloged  |b h  |c 2005/5/25  |d c  |e dmitchel  |f 2:00:00 pm 
994 |a 92  |b TXA 
999 |a MARS 
999 f f |s 00da792c-0cf4-3ce4-b595-07846d10800a  |i fbe93a67-8285-3013-a518-148dd95c0b5a  |t 0 
952 f f |p normal  |a Texas A&M University  |b College Station  |c Sterling C. Evans Library  |d Evans: Library Stacks  |t 0  |e F869.L853 B68 2005  |h Library of Congress classification  |i unmediated -- volume  |m A14831563850 
998 f f |a F869.L853 B68 2005  |t 0  |l Evans: Library Stacks